Sustainable construction (Record no. 71586)
[ view plain ]
| 000 -LEADER | |
|---|---|
| fixed length control field | 01211cam a2200217 4500 |
| 001 - CONTROL NUMBER | |
| control field | ABS66117 |
| 008 - FIXED-LENGTH DATA ELEMENTS--GENERAL INFORMATION | |
| fixed length control field | 021119n2002 000 0 eng u |
| 035 ## - SYSTEM CONTROL NUMBER | |
| System control number | (Sirsi) u120503 |
| 245 ## - TITLE STATEMENT | |
| Title | Sustainable construction |
| 260 ## - PUBLICATION, DISTRIBUTION, ETC. | |
| Date of publication, distribution, etc. | 2002 |
| 490 ## - SERIES STATEMENT | |
| Series statement | Building Engineer |
| Volume/sequential designation | 77 November 2002, 14-15(2) |
| 520 ## - SUMMARY, ETC. | |
| Summary, etc. | Discusses the issue of sustainable construction in the context of an increasing world population and decreasing natural resources. Notes the publication of "Insulation for Sustainability - A guide" which encourages the use of efficient technology. This mentions building insulation which is a key element in energy efficiency and conservation. The crucial element about the material used here is that it needs to last a long time at a high level of performance. A European programme of building efficiency could arguably bring about reductions of between 430 and 452 mil/t of C02 per year according to a study published by EuroACE. |
| 590 ## - LOCAL NOTE (RLIN) | |
| Local note | ABS |
| 650 ## - SUBJECT ADDED ENTRY--TOPICAL TERM | |
| Topical term or geographic name entry element | SUSTAINABLE CONSTRUCTION |
| 650 ## - SUBJECT ADDED ENTRY--TOPICAL TERM | |
| Topical term or geographic name entry element | INSULATION |
| 650 ## - SUBJECT ADDED ENTRY--TOPICAL TERM | |
| Topical term or geographic name entry element | CARBON DIOXIDE EMISSIONS |
| 650 ## - SUBJECT ADDED ENTRY--TOPICAL TERM | |
| Topical term or geographic name entry element | ENERGY CONSUMPTION |
| 650 ## - SUBJECT ADDED ENTRY--TOPICAL TERM | |
| Topical term or geographic name entry element | BUILDING EFFICIENCY |
| 690 ## - LOCAL SUBJECT ADDED ENTRY--TOPICAL TERM (OCLC, RLIN) | |
| Topical term or geographic name as entry element | BUILDING AND CONSTRUCTION-ENERGY MANAGEMENT |
| 942 ## - ADDED ENTRY ELEMENTS (KOHA) | |
| Suppress in OPAC | 0 |
| Withdrawn status | Lost status | Source of classification or shelving scheme | Damaged status | Not for loan | Home library | Current library | Shelving location | Date acquired | Total Checkouts | Full call number | Barcode | Date last seen | Copy number | Price effective from | Koha item type |
|---|---|---|---|---|---|---|---|---|---|---|---|---|---|---|---|
| Dewey Decimal Classification | London | London | Journal article | 19/11/2002 | ABS66117 | 120503-1001 | 06/08/2019 | 1 | 06/08/2019 | Journal article |